Ben böyle gördüm : (Record no. 12628)

MARC details
000 -BAŞLIK
Sabit Uzunlukta Kontrol Alanı 00904nam a22002897a 4500
999 ## - SİSTEM KONTROL NUMARALARI (KOHA)
Koha Biblionumber 12628
Koha Biblioitemnumber 12628
003 - KONTROL NUMARASI IDENTIFIER
Denetim Alanı MIRAKIL
005 - SON İŞLEM TARİHİ VE ZAMANI
Denetim Alanı 20211214000606.0
008 - SABİT-BOY VERİ ELEMANLARI - GENEL BİLGİLER
Sabit Uzunlukta Kontrol Alanı 190125b tu ||||| |||| 00| 0 tur d
020 ## - ULUSLARARASI STANDART KİTAP NUMARASI
Uluslararası Standart Kitap Numarası 9786051712789
040 ## - KATALOGLAMA KAYNAK
Orijinal Kataloglama Ajansı TR-AnCHP
Metne Dönüştürmek Ajansı TR-AnCHP
041 ## - DİL KODU
Metin / Ses Parça Veya Ayrı Başlığın Dil Kodu tur
082 ## - DEWEY ONLU SINIFLANDIRMA NUMARASI
Sınıflandırma Numarası 322.4209561
Ürün Numarası K66b 2016
100 1# - ANA GİRİŞ - KİŞİSEL İSİM
Kişisel Ad Koru, Fehmi
245 10 - BAŞLIK TABLOSU
Başlık Ben böyle gördüm :
Başlığın Kalan Cemaat'in siyasetle sınavı /
Sorumluluk Tablosu, Vb Fehmi Koru
246 ## - UNVAN FORM VARYING
Başlık Doğru / Kısa Başlığı Cemaat'in siyasetle sınavı
260 ## - YAYIN, DAĞITIM, VB
Yayın, Dağıtım, Vb Yeri İstanbul:
Yayıncı, Dağıtıcı, Vs Adı Alfa yayınları,
Yayın, Dağıtım, Vb Tarihi 2016.
300 ## - FİZİKSEL TANIM
Kapsam 358 s.
Boyutlar 19 sm.
490 0# - SERİSİ TABLOSU
Seri Beyanı Alfa yayınları
Hacim / Ardışık Tanımı 2953
490 0# - SERİSİ TABLOSU
Seri Beyanı Güncel
Hacim / Ardışık Tanımı 94
504 ## - KAYNAKÇA VB NOT
Kaynakça Vb Notu Dizin vardır.
650 #0 - KONU KATMA GİRİŞ - TOPİKAL DÖNEM
Topikal Süreli Veya Coğrafi Ad Giriş Elemanı Siyaset ve yönetim
Genel Alt Bölümü Türkiye
9 (RLIN) 9
650 #0 - KONU KATMA GİRİŞ - TOPİKAL DÖNEM
9 (RLIN) 5069
Topikal Süreli Veya Coğrafi Ad Giriş Elemanı İslam ve siyaset
Genel Alt Bölümü Türkiye
650 #0 - KONU KATMA GİRİŞ - TOPİKAL DÖNEM
9 (RLIN) 5070
Topikal Süreli Veya Coğrafi Ad Giriş Elemanı Cemaatler
Genel Alt Bölümü Türkiye
650 #0 - KONU KATMA GİRİŞ - TOPİKAL DÖNEM
9 (RLIN) 5071
Topikal Süreli Veya Coğrafi Ad Giriş Elemanı Fetö (Fethullahçı Terör Örgütü)
Genel Alt Bölümü Türkiye
740 ## - KATMA GİRİŞ - KONTROLSUZ İLGİLİ / ANALİTİK BAŞLIK
Kontrol Edilmeyen / İlgili Analitik Başlıktaki Cemaat'in siyasetle sınavı
942 ## - EKLENDİ GİRİŞ ELEMANLARI (KOHA)
Sınıflandırma Veya Raf Düzeni Kaynak Dewey Decimal Classification
Koha Öğesi Türü Books
Holdings
Kalıcı Konum Mevcut Konum Edinme Tarihi Edinim Kaynak Toplam Check-Out'Lar Tam Çağrı Numarası Barkod Tarih Son Görülme İtibaren Geçerli Fiyatlar Sigara Kamu Notu Koha Öğesi Türü
CHP Kütüphanesi CHP Kütüphanesi 01/25/2019 Bağış   322.4209561 K66b 2016 018735 01/25/2019 01/25/2019 Ertuğrul Çepni bağışıdır. Books